Control interno y fraudes Anl̀isis de informe COSO I, II y III con base en los ciclos transaccionales

Bibliographic Details
Main Author: Estupiǹ̨ Gaitǹ, Rodrigo
Format: eBook
Language:Spanish
Published: Bogot:̀ ECOE, 2015
Edition:Tercera edicin̤
Subjects:
Online Access:Acceso restringido

MARC

LEADER 00000nam a22000007a 4500
005 20220216222345.0
007 cr|||| ||||
008 220216s2015 co |||||s|||| 00||0 spa d
020 |a 978-958-771-163-9 
035 |a 35840 
040 |a vLex 
090 |c 13010  |d 13010 
100 1 |a Estupiǹ̨ Gaitǹ, Rodrigo 
245 1 0 |a Control interno y fraudes Anl̀isis de informe COSO I, II y III con base en los ciclos transaccionales  |h [Recurso electrn̤ico] /  |c Rodrigo Estupiǹ̨ Gaitǹ 
250 |a Tercera edicin̤ 
256 |a Servicio en ln̕ea 
260 |a Bogot:̀  |b ECOE,  |c 2015 
300 |a 1 recurso electrn̤ico 
506 1 |a Disponible solo en los productos indicados  |d vLex Global  |d vLex Global (Academic Edition, excluding Law Schools)  |d vLex Global (U.S. Academic Edition, Law Schools)  |d vLex Global (U.S. Academic Edition, excluding Law Schools)  |d vLex Global (Academic Edition, Law Schools) 
650 0 4 |a Contabilidad  |z Colombia 
740 0 |a vLex Libros (Servicio en ln̕ea) 
856 4 0 |u https://app.vlex.com/#/sources/35840  |z Acceso restringido 
942 |c BOOK 
999 0 |a Accounting